[Event "Tbilisi Gaprindashvili Cup"]
[Site "Tbilisi"]
[Date "2019.09.28"]
[Round "8"]
[White "Ohanyan, Emin"]
[Black "Hambardzumian, Yuri"]
[Result "1/2-1/2"]
[WhiteElo "2022"]
[BlackElo "2310"]
[PlyCount "159"]
[EventDate "2019.09.21"]
[EventType "swiss"]
[EventRounds "9"]
[EventCountry "GEO"]
[SourceTitle "EXT 2020"]
[Source "ChessBase"]
[SourceDate "2019.10.17"]
[SourceVersion "1"]
[SourceVersionDate "2019.10.17"]
[SourceQuality "1"]

1. e4 e5 2. Nf3 Nc6 3. Bb5 Nf6 4. 0-0 Nxe4 5. d4 a6 6. Bxc6 dxc6 7. Re1 Nf6 8. dxe5 Qxd1 9. Rxd1 Nd5 10. c4 Nb6 11. b3 Bg4 12. Nbd2 0-0-0 13. Bb2 Nd7 14. h3 Bh5 15. g4 Bg6 16. Nf1 h5 17. Ng3 Re8 18. Kg2 Nc5 19. Nf5 hxg4 20. hxg4 Bxf5 21. gxf5 Rh5 22. Nd4 Rg5+ 23. Kf3 Rxe5 24. Rh1 Bd6 25. Bc1 Rexf5+ 26. Nxf5 Rxf5+ 27. Kg2 b6 28. Be3 a5 29. Rh3 a4 30. Bxc5 Rg5+ 31. Kf1 Bxc5 32. Rf3 f6 33. Rd1 Bd6 34. Ke2 Kb7 35. Re3 Ra5 36. Kf3 Rf5+ 37. Ke2 Ka6 38. Re8 axb3 39. axb3 Ka5 40. Rd3 Kb4 41. Ree3 Ra5 42. f3 Ra2+ 43. Kd1 Be5 44. Re2 Ra3 45. Kc2 g5 46. Re4 c5 47. Re2 Ra2+ 48. Kd1 Ra3 49. Kc2 Ra2+ 50. Kd1 Rxe2 51. Kxe2 Bc3 52. Rd8 Kxb3 53. Kd3 b5 54. cxb5 c4+ 55. Ke2 Be5 56. Rd5 c3 57. b6 cxb6 58. Rb5+ Kc4 59. Rxb6 Bf4 60. Rc6+ Kd4 61. Rc8 Be5 62. Rd8+ Kc4 63. Rc8+ Kd5 64. Kd3 Ke6 65. Rc6+ Kf5 66. Rc4 Ke6 67. Rc6+ Kd5 68. Rc8 f5 69. Rc4 Ke6 70. Rc6+ Kf7 71. Rc5 Ke6 72. Rc6+ Ke7 73. Rc5 Kd6 74. Rc4 Bf6 75. Ra4 Ke6 76. Rc4 Kf7 77. Rc7+ Kg6 78. Rc4 Kh5 79. Rc6 Bg7 80. Rc7 1/2-1/2

[Event "Tbilisi Gaprindashvili Cup"]
[Site "Tbilisi"]
[Date "2019.09.22"]
[Round "2"]
[White "Hayrapetyan, Hovik"]
[Black "Hambardzumian, Yuri"]
[Result "1-0"]
[WhiteElo "2453"]
[BlackElo "2310"]
[PlyCount "59"]
[EventDate "2019.09.21"]
[EventType "swiss"]
[EventRounds "9"]
[EventCountry "GEO"]
[SourceTitle "EXT 2020"]
[Source "ChessBase"]
[SourceDate "2019.10.17"]
[SourceVersion "1"]
[SourceVersionDate "2019.10.17"]
[SourceQuality "1"]

1. d4 Nf6 2. c4 g6 3. Nc3 Bg7 4. Bg5 0-0 5. e3 c5 6. d5 d6 7. Nf3 Qb6 8. Rb1 e5 9. Bd3 Re8 10. Nd2 Nbd7 11. 0-0 h6 12. Bh4 Nh7 13. e4 Bf6 14. Bg3 Bg5 15. Qe2 Nhf6 16. Nf3 Bf4 17. Bh4 g5 18. g3 gxh4 19. gxf4 exf4 20. Qd2 Nh5 21. Kh1 Qd8 22. Rg1+ Kh8 23. Be2 Qf6 24. Nb5 Rb8 25. Qc3 Rxe4 26. Bd3 Re5 27. Rbe1 Rxe1 28. Qxe1 Nf8 29. Qc3 Qxc3 30. bxc3 1-0

[Event "Sochi ChessAmateur op10"]
[Site "Sochi"]
[Date "2018.10.14"]
[Round "4"]
[White "Hambardzumian, Yuri"]
[Black "Karalkin, Maksim"]
[Result "1/2-1/2"]
[WhiteElo "2316"]
[BlackElo "2191"]
[PlyCount "27"]
[EventDate "2018.10.12"]
[EventType "swiss"]
[EventRounds "9"]
[EventCountry "RUS"]
[SourceTitle "CBM 187 Extra"]
[Source "ChessBase"]
[SourceDate "2018.11.04"]
[SourceVersion "1"]
[SourceVersionDate "2018.11.04"]
[SourceQuality "1"]

1. e4 e5 2. Nf3 Nc6 3. Bb5 Nge7 4. c3 d5 5. Nxe5 dxe4 6. d4 exd3 7. Qf3 Be6 8. Nxd3 Qd5 9. Qxd5 Bxd5 10. Nf4 Be4 11. f3 Bf5 12. g4 Bd7 13. Be3 0-0-0 14. Nd2 1/2-1/2

[Event "Sochi ChessAmateur op10"]
[Site "Sochi"]
[Date "2018.10.12"]
[Round "1"]
[White "Tikhonov, Viacheslav"]
[Black "Hambardzumian, Yuri"]
[Result "1/2-1/2"]
[WhiteElo "2105"]
[BlackElo "2316"]
[PlyCount "34"]
[EventDate "2018.10.12"]
[EventType "swiss"]
[EventRounds "9"]
[EventCountry "RUS"]
[SourceTitle "CBM 187 Extra"]
[Source "ChessBase"]
[SourceDate "2018.11.04"]
[SourceVersion "1"]
[SourceVersionDate "2018.11.04"]
[SourceQuality "1"]

1. d4 Nf6 2. c4 e6 3. Nc3 Bb4 4. e3 0-0 5. Bd3 d5 6. Nf3 c5 7. 0-0 Nc6 8. cxd5 exd5 9. dxc5 Bxc5 10. h3 a6 11. b3 d4 12. exd4 Nxd4 13. Na4 Nxf3+ 14. Qxf3 Bd4 15. Ba3 Bxa1 16. Bxf8 Qxf8 17. Rxa1 Rb8 1/2-1/2

[Event "Sochi Doroshkevich Amateur op"]
[Site "Sochi"]
[Date "2017.12.26"]
[Round "7"]
[White "Prokhorko, Mikhail"]
[Black "Hambardzumian, Yuri"]
[Result "0-1"]
[WhiteElo "2095"]
[BlackElo "2324"]
[PlyCount "37"]
[EventDate "2017.12.21"]
[EventType "swiss"]
[EventRounds "9"]
[EventCountry "RUS"]
[SourceTitle "CBM 182 Extra"]
[Source "ChessBase"]
[SourceDate "2018.02.23"]
[SourceVersion "1"]
[SourceVersionDate "2018.02.23"]
[SourceQuality "1"]

1. d4 Nf6 2. Bf4 d5 3. e3 c5 4. c3 Nc6 5. Bd3 Qb6 6. b3 Bg4 7. f3 Bh5 8. g4 Bg6 9. h4 e6 10. h5 Bxd3 11. Qxd3 h6 12. Nd2 Be7 13. Ne2 a5 14. Kf2 cxd4 15. Nxd4 Nd7 16. Bg3 0-0 17. Rag1 a4 18. c4 Nxd4 19. Qxd4 0-1

[Event "Sochi Doroshkevich Amateur op"]
[Site "Sochi"]
[Date "2017.12.23"]
[Round "3"]
[White "Trubchaninov, Timur"]
[Black "Hambardzumian, Yuri"]
[Result "1-0"]
[WhiteElo "2224"]
[BlackElo "2324"]
[PlyCount "71"]
[EventDate "2017.12.21"]
[EventType "swiss"]
[EventRounds "9"]
[EventCountry "RUS"]
[SourceTitle "CBM 182 Extra"]
[Source "ChessBase"]
[SourceDate "2018.02.23"]
[SourceVersion "1"]
[SourceVersionDate "2018.02.23"]
[SourceQuality "1"]

1. e4 c5 2. Nf3 e6 3. d4 cxd4 4. Nxd4 Nc6 5. Nc3 Nf6 6. Ndb5 Bb4 7. a3 Bxc3+ 8. Nxc3 d5 9. exd5 exd5 10. Bd3 0-0 11. 0-0 d4 12. Ne2 Bg4 13. Bg5 Re8 14. f3 Bh5 15. Ng3 Bg6 16. Ne4 Bxe4 17. fxe4 Re6 18. Bc4 Rxe4 19. Bxf6 gxf6 20. Bd3 Re5 21. Qg4+ Rg5 22. Qh4 h5 23. Rf5 Ne5 24. Raf1 Nxd3 25. cxd3 Rxf5 26. Rxf5 Qc7 27. Qxf6 Qc1+ 28. Rf1 Qe3+ 29. Kh1 Rf8 30. h3 Kh7 31. Kh2 Qh6 32. Qxd4 f5 33. Qd5 Qg7 34. Rxf5 Rxf5 35. Qxf5+ Kg8 36. Qd5+ 1-0

[Event "Yerevan Asrian Memorial 8th"]
[Site "Yerevan"]
[Date "2015.06.21"]
[Round "6"]
[White "Hambardzumian, Yuri"]
[Black "Areshchenko, Alexander"]
[Result "1/2-1/2"]
[WhiteElo "2322"]
[BlackElo "2656"]
[PlyCount "80"]
[EventDate "2015.06.16"]
[EventType "swiss"]
[EventRounds "9"]
[EventCountry "ARM"]
[SourceTitle "CBM 167 Extra"]
[Source "ChessBase"]
[SourceDate "2015.09.14"]
[SourceVersion "1"]
[SourceVersionDate "2015.09.14"]
[SourceQuality "1"]

1. d4 Nf6 2. c4 g6 3. Nf3 Bg7 4. Nc3 0-0 5. e4 d6 6. Be2 Nbd7 7. 0-0 e5 8. Be3 Qe7 9. dxe5 dxe5 10. Nd5 Qd8 11. Qc2 Nh5 12. g4 Nhf6 13. Ne1 Ne8 14. f3 c6 15. Nb4 Nc7 16. Rd1 Ne6 17. Ng2 Qe7 18. Nd3 b6 19. f4 exf4 20. Ndxf4 Ne5 21. h3 Nxf4 22. Nxf4 Ba6 23. c5 Bxe2 24. Nxe2 b5 25. b3 Rfd8 26. Kg2 a5 27. Ng3 a4 28. Rxd8+ Rxd8 29. Rd1 Ra8 30. Rd6 axb3 31. axb3 Qe8 32. Bf4 Bf8 33. Rd2 Nd7 34. Bd6 Bh6 35. Re2 Qe6 36. e5 Qd5+ 37. Qe4 Qxe4+ 38. Nxe4 Bg7 39. Ng5 Nxe5 40. Bxe5 Bxe5 1/2-1/2

[Event "Yerevan Asrian Memorial 8th"]
[Site "Yerevan"]
[Date "2015.06.17"]
[Round "2"]
[White "Hambardzumian, Yuri"]
[Black "Khismatullin, Denis Rimovich"]
[Result "0-1"]
[WhiteElo "2322"]
[BlackElo "2646"]
[PlyCount "52"]
[EventDate "2015.06.16"]
[EventType "swiss"]
[EventRounds "9"]
[EventCountry "ARM"]
[SourceTitle "CBM 167 Extra"]
[Source "ChessBase"]
[SourceDate "2015.09.14"]
[SourceVersion "1"]
[SourceVersionDate "2015.09.14"]
[SourceQuality "1"]

1. d4 Nf6 2. c4 e6 3. Nf3 d5 4. Nc3 c6 5. e3 Nbd7 6. Bd3 dxc4 7. Bxc4 b5 8. Bd3 a6 9. e4 c5 10. e5 cxd4 11. Nxb5 axb5 12. exf6 gxf6 13. 0-0 Qb6 14. Qe2 b4 15. Bf4 Bb7 16. Rfc1 Bc5 17. Nd2 Rg8 18. Be4 f5 19. Bf3 Ke7 20. a4 Rac8 21. Bg3 d3 22. Qxd3 Rxg3 23. hxg3 Bxf2+ 24. Kh1 Rg8 25. Nc4 Rg6 26. Qd2 Qd4 0-1

[Event "Jermuk Asrian Memorial 7th"]
[Site "Jermuk"]
[Date "2014.06.21"]
[Round "6"]
[White "Hambardzumian, Yuri"]
[Black "Petrosyan, Manuel"]
[Result "1/2-1/2"]
[WhiteElo "2336"]
[BlackElo "2378"]
[PlyCount "112"]
[EventDate "2014.06.16"]
[EventType "swiss"]
[EventRounds "9"]
[EventCountry "ARM"]
[SourceTitle "CBM 160 Extra"]
[Source "ChessBase"]
[SourceDate "2014.07.01"]
[SourceVersion "1"]
[SourceVersionDate "2014.07.01"]
[SourceQuality "1"]

1. e4 c5 2. c3 g6 3. d4 cxd4 4. cxd4 d5 5. exd5 Nf6 6. Nc3 Bg7 7. Bb5+ Nbd7 8. d6 exd6 9. Qe2+ Kf8 10. Nf3 h6 11. 0-0 Kg8 12. Bc4 Nb6 13. Bb3 Bd7 14. Re1 Bc6 15. Qd3 Nbd5 16. Nxd5 Nxd5 17. Qe4 Qa5 18. Bd2 Qb5 19. h4 Re8 20. Qg4 Kh7 21. h5 Nf6 22. Bxf7 Rxe1+ 23. Rxe1 Qxh5 24. Qxh5 gxh5 25. Nh4 Rd8 26. Bg6+ Kh8 27. Nf5 Be4 28. f3 Bxf5 29. Bxf5 Nd5 30. Re4 Rf8 31. Be6 Nc7 32. Bb3 Re8 33. Rxe8+ Nxe8 34. Be3 h4 35. Kf1 Bf6 36. Ke2 Bg5 37. f4 Bd8 38. Bf2 Kg7 39. Kf3 Nc7 40. Ke4 Bf6 41. Be3 b6 42. Bc4 Be7 43. Be2 Kf6 44. d5 Kg7 45. b4 Bf6 46. Bf2 Kg6 47. a4 Bd8 48. f5+ Kg7 49. Bh5 Na6 50. Be1 Nc7 51. Kd4 Bf6+ 52. Kc4 b5+ 53. axb5 Na8 54. b6 Nxb6+ 55. Kb5 Nxd5 56. Bf3 Ne3 1/2-1/2

[Event "Moscow op-A"]
[Site "Moscow"]
[Date "2009.02.03"]
[Round "4"]
[White "Hambardzumian, Yuri"]
[Black "Zubarev, Alexander2222"]
[Result "1/2-1/2"]
[WhiteElo "2361"]
[BlackElo "2519"]
[PlyCount "47"]
[EventDate "2009.01.31"]
[EventType "swiss"]
[EventRounds "9"]
[EventCountry "RUS"]
[SourceTitle "EXT 2022"]
[Source "ChessBase"]
[SourceDate "2021.10.06"]
[SourceVersion "1"]
[SourceVersionDate "2021.10.06"]
[SourceQuality "1"]

1. e4 g6 2. d4 Bg7 3. Nf3 d6 4. Nc3 a6 5. a4 Bg4 6. Be2 Nc6 7. Be3 e5 8. dxe5 dxe5 9. Qxd8+ Rxd8 10. Nd5 Rd7 11. 0-0-0 Nf6 12. h3 Be6 13. Nxf6+ Bxf6 14. Ng5 Nd4 15. Bd3 Ke7 16. Nxe6 Nxe6 17. Bc4 Rxd1+ 18. Rxd1 Bg5 19. Bxg5+ Nxg5 20. f3 h5 21. h4 Nh7 22. Rd3 Ra8 23. Rb3 Ra7 24. a5 1/2-1/2

[Event "EU-Cup 24th"]
[Site "Kallithea"]
[Date "2008.10.18"]
[Round "2"]
[White "Andreikin, Dmitry"]
[Black "Hambardzumian, Yuri"]
[Result "1-0"]
[WhiteElo "2603"]
[BlackElo "2355"]
[PlyCount "77"]
[EventDate "2008.10.17"]
[EventType "team-swiss"]
[EventRounds "7"]
[EventCountry "GRE"]
[SourceTitle "CBM 127"]
[Source "ChessBase"]
[SourceDate "2008.11.13"]
[SourceVersion "1"]
[SourceVersionDate "2008.11.13"]
[SourceQuality "1"]
[WhiteTeam "Saratov Economist"]
[BlackTeam "FIMA"]
[WhiteTeamCountry "RUS"]
[BlackTeamCountry "ARM"]

1. c4 g6 2. d4 Nf6 3. Nc3 Bg7 4. e4 d6 5. Nf3 0-0 6. h3 c5 7. d5 e6 8. Bd3 exd5 9. exd5 Re8+ 10. Be3 Nbd7 11. 0-0 Nh5 12. Qd2 f5 13. Bg5 Bf6 14. Bxf6 Qxf6 15. Rfe1 Ne5 16. Nxe5 Rxe5 17. Rxe5 dxe5 18. a3 Bd7 19. b4 b6 20. bxc5 bxc5 21. Rb1 Qd6 22. Rb7 e4 23. Be2 Nf6 24. Nb5 Bxb5 25. cxb5 f4 26. Qc3 e3 27. f3 Nh5 28. a4 Re8 29. Rxa7 Re5 30. Rd7 Ng3 31. Bc4 Qf6 32. d6+ Kf8 33. Qxe5 Qxe5 34. Rf7+ Ke8 35. Re7+ Qxe7 36. dxe7 Nf5 37. b6 Nxe7 38. b7 Nc6 39. Bb5 1-0

[Event "Moscow op-A 04th"]
[Site "Moscow"]
[Date "2008.02.07"]
[Round "6"]
[White "Guerrero Sierra, Juan Carlos"]
[Black "Hambardzumian, Yuri"]
[Result "0-1"]
[WhiteElo "2196"]
[BlackElo "2378"]
[PlyCount "64"]
[EventDate "2008.02.02"]
[EventType "swiss"]
[EventRounds "9"]
[EventCountry "RUS"]
[SourceTitle "CBM 122 Extra"]
[Source "ChessBase"]
[SourceDate "2008.03.04"]
[SourceVersion "1"]
[SourceVersionDate "2008.03.04"]
[SourceQuality "1"]

1. d4 Nf6 2. c4 g6 3. Nc3 Bg7 4. e4 d6 5. Be2 0-0 6. Nf3 e5 7. 0-0 Nc6 8. d5 Ne7 9. b4 Nh5 10. Re1 f5 11. Ng5 Nf6 12. c5 h6 13. cxd6 cxd6 14. Nf3 f4 15. b5 g5 16. Ba3 Ng6 17. Nd2 g4 18. Nc4 f3 19. Bf1 fxg2 20. Bxg2 Ne8 21. Rc1 h5 22. Ne2 Qf6 23. Rf1 Nh4 24. Rc3 Bd7 25. Qb3 Qg6 26. Qb1 Rc8 27. Bc1 Nf3+ 28. Kh1 Nd4 29. Qb2 h4 30. Kg1 Nf3+ 31. Kh1 Nd4 32. Kg1 Nf6 0-1

[Event "Wch U20 46th"]
[Site "Yerevan"]
[Date "2007.10.15"]
[Round "12"]
[White "Kaplan, Sasha"]
[Black "Hambardzumian, Yuri"]
[Result "1-0"]
[WhiteElo "2466"]
[BlackElo "2387"]
[PlyCount "173"]
[EventDate "2007.10.03"]
[EventType "swiss"]
[EventRounds "13"]
[EventCountry "ARM"]
[SourceTitle "CBM 120 Extra"]
[Source "ChessBase"]
[SourceDate "2007.11.01"]
[SourceVersion "1"]
[SourceVersionDate "2007.11.01"]
[SourceQuality "1"]

1. e4 c5 2. Nf3 d6 3. d4 cxd4 4. Nxd4 Nf6 5. Nc3 a6 6. Be2 e5 7. Nb3 Be7 8. 0-0 0-0 9. Kh1 b6 10. Be3 Bb7 11. f3 b5 12. a4 b4 13. Nd5 Nxd5 14. exd5 Nd7 15. c3 bxc3 16. bxc3 Bg5 17. Bf2 Qc7 18. c4 f5 19. a5 Nf6 20. Rb1 Rab8 21. Ba7 Rbe8 22. Bb6 Qf7 23. c5 Bf4 24. g3 Bg5 25. cxd6 f4 26. Nc5 Bxd5 27. d7 Ra8 28. d8Q Raxd8 29. Bxd8 Rxd8 30. Bc4 fxg3 31. hxg3 Rc8 32. Bxd5 Nxd5 33. Ne4 Qh5+ 34. Kg1 Be3+ 35. Nf2 Nc3 36. Qb3+ Kf8 37. Qe6 Re8 38. Qd6+ Kg8 39. Rb8 Bd4 40. Qe6+ Kf8 41. Rxe8+ Qxe8 42. Qxe8+ Kxe8 43. Kg2 Nd5 44. Rb1 Bc3 45. Rb7 Kf8 46. Ra7 Bxa5 47. Rxa6 Bb6 48. Nd3 Bd4 49. Ra5 Ne3+ 50. Kh3 Nc4 51. Ra4 Nd6 52. f4 Nf7 53. fxe5 Bxe5 54. Ra8+ Ke7 55. Ra7+ Kf6 56. Rxf7+ Kxf7 57. Nxe5+ Ke6 58. Nf3 Kf5 59. Kh4 Kf6 60. Kh5 Kf5 61. Ng5 h6 62. Nf3 g6+ 63. Kh4 Ke4 64. Nh2 Kf5 65. Ng4 h5 66. Nf2 Kf6 67. Nd3 Kf5 68. Nb4 Kf6 69. Na6 Kf5 70. Nb8 Kf6 71. Nc6 Kf5 72. Nd4+ Kf6 73. Nf3 Kf5 74. Nh2 Kf6 75. Kh3 Kf5 76. Kg2 Ke5 77. Kf3 Kf5 78. Nf1 Ke5 79. Ne3 g5 80. Nc2 Kf5 81. Nd4+ Ke5 82. Ke3 Kd5 83. Nf3 Ke6 84. Nxg5+ Kf5 85. Nf3 Kg4 86. Kf2 Kh3 87. Nh4 1-0

[Event "Wch U20 46th"]
[Site "Yerevan"]
[Date "2007.10.11"]
[Round "8"]
[White "Galic, Ivan"]
[Black "Hambardzumian, Yuri"]
[Result "1/2-1/2"]
[WhiteElo "2255"]
[BlackElo "2387"]
[PlyCount "117"]
[EventDate "2007.10.03"]
[EventType "swiss"]
[EventRounds "13"]
[EventCountry "ARM"]
[SourceTitle "CBM 120 Extra"]
[Source "ChessBase"]
[SourceDate "2007.11.01"]
[SourceVersion "1"]
[SourceVersionDate "2007.11.01"]
[SourceQuality "1"]

1. c4 g6 2. Nc3 Bg7 3. g3 c5 4. Bg2 Nc6 5. a3 d6 6. Rb1 a5 7. d3 e5 8. Nd5 Nge7 9. Bg5 h6 10. Bxe7 Nxe7 11. e3 0-0 12. Ne2 Nxd5 13. Bxd5 Bh3 14. Ng1 Be6 15. Bxb7 Rb8 16. Be4 f5 17. Bd5 Bxd5 18. cxd5 f4 19. e4 f3 20. h4 Qd7 21. Kf1 c4 22. Nxf3 c3 23. Kg2 Qg4 24. Qe2 c2 25. Rbc1 Rxb2 26. h5 g5 27. Rhe1 Qxh5 28. Nd2 g4 29. Rh1 Qf7 30. Nc4 Ra2 31. Rhe1 h5 32. Rxc2 Rxc2 33. Qxc2 h4 34. Qe2 Qh5 35. gxh4 Rf6 36. Ne3 Rf3 37. Nf5 Bf6 38. Rb1 Bxh4 39. Rb8+ Kh7 40. Rb7+ Kg6 41. Rd7 Rxf2+ 42. Qxf2 Bxf2 43. Kxf2 Kg5 44. Ke3 Qh3+ 45. Kd2 Qg2+ 46. Kc3 Qa2 47. Nxd6 g3 48. Rg7+ Kf4 49. Rf7+ Kg5 50. Rg7+ Kh5 51. Nf5 g2 52. Ng3+ Kh4 53. Nf5+ Kh3 54. d6 Qxa3+ 55. Kc4 a4 56. Rh7+ Kg4 57. Rg7+ Kh3 58. Rh7+ Kg4 59. Rg7+ 1/2-1/2

[Event "Najdorf Memorial op-A"]
[Site "Grodzisk Mazowiecki"]
[Date "2007.07.25"]
[Round "6"]
[White "Czarnota, Dorota"]
[Black "Hambardzumian, Yuri"]
[Result "0-1"]
[WhiteElo "2243"]
[BlackElo "2402"]
[PlyCount "92"]
[EventDate "2007.07.20"]
[EventType "swiss"]
[EventRounds "9"]
[EventCountry "POL"]
[SourceTitle "CBM 119 Extra"]
[Source "ChessBase"]
[SourceDate "2007.09.04"]
[SourceVersion "1"]
[SourceVersionDate "2007.09.04"]
[SourceQuality "1"]

1. e4 c5 2. Nf3 d6 3. Bb5+ Nc6 4. 0-0 Bd7 5. Re1 Nf6 6. h3 a6 7. Bf1 g6 8. c3 Bg7 9. d4 cxd4 10. cxd4 0-0 11. d5 Na7 12. a4 b5 13. a5 h6 14. Be3 e5 15. dxe6 Bxe6 16. Nc3 Nc6 17. Bb6 Qd7 18. Qd2 Rfe8 19. Rac1 Rac8 20. Nd4 Nxd4 21. Bxd4 Kh7 22. Rcd1 Rc6 23. Nxb5 Bb3 24. Na7 Rc7 25. Rc1 Rxa7 26. Qc3 Nxe4 27. Rxe4 Rxe4 28. Bxg7 Ba4 29. g3 d5 30. Bd4 Ra8 31. Bb6 Re6 32. Qd4 Bc6 33. Bg2 Rae8 34. Kh2 Qd6 35. Rxc6 Qxc6 36. Bxd5 Qd7 37. Bxe6 Qxe6 38. Bc5 Qc6 39. Bb4 Re4 40. Qa7 Qd5 41. Bc3 Re2 42. Qd4 Qxd4 43. Bxd4 Rd2 44. Be3 Rxb2 45. Kg2 Rb3 46. Kf3 Ra3 0-1

[Event "Najdorf Memorial op-A"]
[Site "Grodzisk Mazowiecki"]
[Date "2007.07.21"]
[Round "2"]
[White "Matuszewski, Michal"]
[Black "Hambardzumian, Yuri"]
[Result "0-1"]
[WhiteElo "2144"]
[BlackElo "2402"]
[PlyCount "96"]
[EventDate "2007.07.20"]
[EventType "swiss"]
[EventRounds "9"]
[EventCountry "POL"]
[SourceTitle "CBM 119 Extra"]
[Source "ChessBase"]
[SourceDate "2007.09.04"]
[SourceVersion "1"]
[SourceVersionDate "2007.09.04"]
[SourceQuality "1"]

1. d4 Nf6 2. c4 g6 3. Nc3 Bg7 4. e4 d6 5. Nf3 0-0 6. Be2 e5 7. Be3 Ng4 8. Bg5 f6 9. Bc1 Nc6 10. d5 Ne7 11. h3 Nh6 12. h4 c6 13. h5 Nf7 14. hxg6 hxg6 15. Bd3 cxd5 16. cxd5 Bg4 17. Qb3 Bc8 18. Bd2 f5 19. 0-0-0 a6 20. Ne2 b5 21. Ng5 Nxg5 22. Bxg5 a5 23. exf5 Bxf5 24. Bxf5 Rxf5 25. Qe3 Nxd5 26. Rxd5 Qxg5 27. Qxg5 Rxg5 28. Ng3 Rg4 29. Rxd6 Rf8 30. Rd2 e4 31. Rh3 Be5 32. Re2 e3 33. Nf1 Rxg2 34. Nxe3 Rgxf2 35. Rxf2 Rxf2 36. Nd1 Bf4+ 37. Kb1 Rd2 38. Nc3 b4 39. Ne4 Re2 40. Nc5 Bd6 41. Nd3 Kg7 42. Kc1 g5 43. Kd1 Rg2 44. Ke1 a4 45. Kf1 Rc2 46. Re3 a3 47. Re2 b3 48. axb3 Rxe2 0-1

[Event "Tbilisi Buslaev Memorial 1st"]
[Site "Tbilisi"]
[Date "2007.04.05"]
[Round "4"]
[White "Hambardzumian, Yuri"]
[Black "Sikharulidze, Geo"]
[Result "1/2-1/2"]
[WhiteElo "2351"]
[BlackElo "2296"]
[PlyCount "32"]
[EventDate "2007.04.03"]
[EventType "tourn"]
[EventRounds "11"]
[EventCountry "GEO"]
[EventCategory "1"]
[SourceTitle "CBM 118 Extra"]
[Source "ChessBase"]
[SourceDate "2007.07.04"]
[SourceVersion "1"]
[SourceVersionDate "2007.07.04"]
[SourceQuality "1"]

1. e4 g6 2. d4 Bg7 3. Nc3 c6 4. Nf3 d6 5. Bc4 Nf6 6. 0-0 b5 7. Bd3 0-0 8. h3 a6 9. e5 Nd5 10. Nxd5 cxd5 11. a4 dxe5 12. Nxe5 Qb6 13. c3 Nd7 14. Ng4 b4 15. Re1 e6 16. Qf3 a5 1/2-1/2

[Event "Tbilisi Buslaev Memorial 1st"]
[Site "Tbilisi"]
[Date "2007.04.04"]
[Round "3"]
[White "Abasov, Nijat Azad"]
[Black "Hambardzumian, Yuri"]
[Result "1/2-1/2"]
[WhiteElo "2194"]
[BlackElo "2351"]
[PlyCount "143"]
[EventDate "2007.04.03"]
[EventType "tourn"]
[EventRounds "11"]
[EventCountry "GEO"]
[EventCategory "1"]
[SourceTitle "CBM 118 Extra"]
[Source "ChessBase"]
[SourceDate "2007.07.04"]
[SourceVersion "1"]
[SourceVersionDate "2007.07.04"]
[SourceQuality "1"]

1. c4 g6 2. Nc3 Bg7 3. g3 c5 4. Bg2 Nc6 5. e4 d6 6. Nge2 Nd4 7. 0-0 e6 8. d3 Ne7 9. Be3 0-0 10. Qd2 Rb8 11. Bh6 Nxe2+ 12. Nxe2 Bxh6 13. Qxh6 b5 14. b3 a5 15. cxb5 Rxb5 16. d4 Ba6 17. Qe3 Nc6 18. Rfd1 Qe7 19. dxc5 Rxc5 20. Nd4 Ne5 21. Nf3 Nxf3+ 22. Bxf3 Rfc8 23. Rac1 Qf6 24. Rxc5 Rxc5 25. Be2 Rc3 26. Qd2 Bb7 27. Qd4 Qxd4 28. Rxd4 d5 29. exd5 Bxd5 30. f4 Rc2 31. Bc4 Bxc4 32. Rxc4 Rxa2 33. b4 a4 34. b5 a3 35. b6 Rb2 36. Ra4 Rxb6 37. Rxa3 Rb2 38. Ra5 Kg7 39. Rc5 Kf6 40. Ra5 Rd2 41. Rb5 Rd5 42. Rb7 g5 43. fxg5+ Rxg5 44. Kg2 Rc5 45. h4 h5 46. Kf3 Kg6 47. Re7 Rb5 48. Ra7 f6 49. Ra3 Kf5 50. Rc3 Ra5 51. Rb3 Rd5 52. Ra3 e5 53. Ra6 e4+ 54. Kf2 Rd2+ 55. Ke3 Rd3+ 56. Kf2 Rf3+ 57. Kg2 Kg4 58. Re6 Rxg3+ 59. Kh2 Re3 60. Rxf6 Re2+ 61. Kg1 Kxh4 62. Kf1 Re3 63. Kf2 Rg3 64. Rf4+ Rg4 65. Rf5 Rg6 66. Rf4+ Rg4 67. Rf5 Rg5 68. Rf4+ Kh3 69. Rxe4 h4 70. Ra4 Rc5 71. Rb4 Rc2+ 72. Kf3 1/2-1/2